| 000 | 01322nam a2200337Ia 4500 | ||
|---|---|---|---|
| 001 | ebr10058009 | ||
| 003 | CaPaEBR | ||
| 006 | m u | ||
| 007 | cr cn||||||||| | ||
| 008 | 961028s1996 enk sb 001 0 eng d | ||
| 010 | _z 96069924 | ||
| 015 | _aGB96-69924 | ||
| 020 | _z020341487X | ||
| 020 | _z0415067332 (cased) | ||
| 020 | _z0415067340 (pbk) | ||
| 040 |
_aCaPaEBR _cCaPaEBR |
||
| 035 | _a(OCoLC)51061053 | ||
| 050 | 1 | 4 |
_aPR736 _b.C687 1996eb |
| 100 | 1 | _aCousin, Geraldine. | |
| 245 | 1 | 0 |
_aWomen in dramatic place and time _h[electronic resource] : _bcontemporary female characters on stage / _cGeraldine Cousin. |
| 260 |
_aLondon [England] ; _aNew York : _bRoutledge, _c1996. |
||
| 300 | _avii, 211 p. | ||
| 504 | _aIncludes bibliography: p. 206-208 and index. | ||
| 533 |
_aElectronic reproduction. _bPalo Alto, Calif. : _cebrary, _d2009. _nAvailable via World Wide Web. _nAccess may be limited to ebrary affiliated libraries. |
||
| 650 | 0 |
_aWomen dramatists, English _y20th century. |
|
| 650 | 0 |
_aEnglish drama _y20th century _xHistory and criticism. |
|
| 650 | 0 | _aWomen in literature. | |
| 655 | 7 |
_aElectronic books. _2local |
|
| 710 | 2 | _aebrary, Inc. | |
| 856 | 4 | 0 |
_uhttp://site.ebrary.com/lib/rucke/Doc?id=10058009 _zAn electronic book accessible through the World Wide Web; click to view |
| 999 |
_c68014 _d68014 |
||